Billie Eilish - TV - Statistics

General Stats
  • This quiz has been taken 196 times
  • The average score is 249 of 287
Answer Stats
Answer % Correct
I
100%
don't
99%
Don't
99%
when
98%
just
97%
Just
97%
TV
97%
Tv?
97%
watch
97%
what
97%
What
97%
now
95%
Now
95%
right
95%
talk
95%
the
95%
The
95%
you
95%
You
95%
a
94%
in
94%
to
94%
wanna
94%
and
93%
And
93%
I'll
93%
my
93%
be
92%
leave
92%
have
91%
on
91%
are
90%
all
89%
All
89%
at
89%
friends
89%
love
89%
of
89%
So
89%
fall
88%
mad
88%
me
88%
myself
88%
not
88%
starve
88%
try
88%
know
86%
you're
86%
again
85%
happens
85%
missing
85%
see
85%
them
85%
behind
84%
I'm
84%
Maybe
84%
maybe
84%
That's
84%
that's
84%
while
84%
While
84%
because
83%
drown
83%
for
83%
pool
83%
problem
83%
some
83%
we
83%
where
83%
Did
82%
it's
82%
least
82%
little
82%
stay
82%
time
82%
denial
81%
about
80%
fine
80%
get
80%
put
80%
sleep
80%
somebody
80%
tell
80%
yourself
80%
made?
78%
plans
78%
suffer
78%
they
77%
should
75%
Survivor
73%
What's
73%
'Cause
72%
point
72%
gone
70%
trial
70%
v.
70%
watching
70%
anything?
69%
betray
69%
each
69%
movie
69%
other
69%
internet's
68%
sofa
68%
stars
68%
wild
68%
anyone
67%
Baby
67%
baby
67%
with
67%
along
66%
Roe
65%
Wade
65%
Sinkin'
63%
they're
63%
overturning
58%
No matching quizzes found
Score Distribution
Percent of People with Each Score
Percentile by Number Answered
Your Score History
You have not taken this quiz